U-20-Fußball-Weltmeister - Statistiken

Allgemein
  • Dieses Quiz wurde 278 mal gespielt
    258 seit der letzten Aktualisierung
  • Das Durchschnittsergebnis liegt bei 17 aus 22
Antwortstatistiken
Jahr Weltmeister % Korrekt
1981 BR Deutschland
100%
1999 Spanien
96%
2013 Frankreich
93%
2017 England
91%
1983 Brasilien
90%
1985 Brasilien
90%
1993 Brasilien
90%
2003 Brasilien
90%
2011 Brasilien
90%
1979 Argentinien
89%
1995 Argentinien
89%
1997 Argentinien
89%
2001 Argentinien
89%
2005 Argentinien
89%
2007 Argentinien
89%
1989 Portugal
82%
1991 Portugal
82%
1977 Sowjetunion
49%
1987 Jugoslawien
40%
2015 Serbien
40%
2009 Ghana
34%
2019 Ukraine
30%
Keine übereinstimmenden Quizze gefunden
Verteilung der Resultate
Anzahl Personen mit jedem Resultat
Perzentil nach korrekt beantworteten Fragen
Ihre Resultats-Entwicklung
Sie haben dieses Quiz seit der letzten Aktualisierung nicht gespielt